000 00480nam a22001817a 4500
003 NUST - PNEC
005 20170116180818.0
008 150610b xxu||||| |||| 00| 0 eng d
020 _a0071003169
040 _cLIBRARY
082 _a510 WLL
100 _93823
_aWiitala, Stephen A
245 _aDiscrete Mathematics
_cStephen A. Wiitala
260 _aNewYork
_bMcGraw-Hill International
_cc1987.
300 _a499 p. :
650 _93824
_aMathematics
_xME
942 _2ddc
_cBK
999 _c63598
_d63598